| 000 | 00941nam a22001691a 4500 | ||
|---|---|---|---|
| 001 | 17792 | ||
| 003 | OSt | ||
| 005 | 20260204212333.0 | ||
| 008 | 161226s2016||||dr ||||||b||||||||||spa|| | ||
| 100 | _aQuezada Gomez, Alfa Yanet | ||
| 245 | _aAplicacion de la Neurociencia en el Proceso de Enzeñanza-Aprendizaje en el Politecnico Juan Sanchez Ramirez, Distrito Educativo 16-01 de Cotui, año Escolar 2015-2016. Alfa Yanet Quezada Gomez, Aydell Vasquez Belen, Emelia Bautista Lantigua, Rodolfo Nicasio, Yoangela Rodriguez, Maria Jerez Jerez, Aracelis Vera Liriano, Candida Portalatin Aybar, Berky Cornelio Fabian, Leyna Otañez Perez, Leyda Violeta Leonardo del Orbe y Orquidea Maldonado de la Cruz. Asesora; Miladys Lazala Calderon, M.A | ||
| 264 | _aSanto Domingo. El Autor. | ||
| 300 | _a77 p. | ||
| 502 | _aMonografico de Educacion | ||
| 650 | _aMonografico de Orientacion Escolar Monografico de Orientacion EscolarÌ | ||
| 942 |
_2ddc _cTH |
||
| 999 |
_c17792 _d17792 |
||